[Event "Rapidinho-3"]
[Site "http://www.queenalice.com/game.php?id=656263"]
[Date "2009.9.22"]
[Round "4"]
[White "carina"]
[Black "hugo10"]
[Result "1-0"]
[WhiteElo "1623"]
[BlackElo "1472"]

1. c4 a6 2. d4 e6 3. e4 c5 4. Bf4 Qb6 5. Nc3 cxd4 6. Na4 Qb4+ 7. Bd2 Qd6 8. Bd3
Nc6 9. Nb6 Rb8 10. Nxc8 Rxc8 11. Nf3 h6 12. O-O Ne5 13. Bf4 f6 14. Nxe5 fxe5 15.
Qh5+ Kd8 16. Bxe5 Qe7 17. Bxd4 Qb4 18. Qf7 Qe7 19. Bb6+ Rc7 20. Bxc7+ Kxc7 21.
Qf4+ Qd6 22. e5 Qc5 23. Be4 g5 24. Qf3 Bg7 25. Qb3 Bxe5 26. Bxb7 Nf6 27. Bxa6
Rb8 28. Bb5 Ne4 29. Qd3 Nd6 30. Rad1 Rb6 31. b3 Kb7 32. Bxd7 h5 33. Qf3+ Ka7 34.
Bxe6 g4 35. Rd5 Qa3 36. Qe2 Nb7 37. Rxe5 h4 38. Re1 Nd8 39. Bxg4 Nc6 40. Rh5 Nd4
41. Qe7+ Qxe7 42. Rxe7+ Ka6 43. Bc8+ Rb7 44. Bxb7+ Ka7 45. Bd5+ Ka6 46. Bb7+ Ka7
47. Bd5+ Kb6 48. Rb7+ Kc5 49. b4+ Kd6 50. c5# 1-0

[Event "Challenge"]
[Site "http://www.queenalice.com/game.php?id=657102"]
[Date "2009.9.24"]
[Round "-"]
[White "paulofreitas"]
[Black "carina"]
[Result "0-1"]
[WhiteElo "1507"]
[BlackElo "1637"]

1. e4 g6 2. b3 d5 3. exd5 Qxd5 4. c4 Qe5+ 5. Ne2 Qxa1 6. Nec3 Bf5 7. d3 Bg7 8.
Qd2 Bh6 9. f4 Bg7 10. Be2 Nd7 11. O-O Bd4+ 12. Kh1 Bxc3 13. Nxc3 Nc5 14. Qc2
Nxb3 15. Qxb3 b5 16. Bb2 bxc4 17. dxc4 Qxf1+ 18. Bxf1 Nf6 19. Qb7 Kd7 20. Nb5 a6
21. Qxc7+ Ke8 22. Qb7 Be4 23. Nc7+ Kf8 24. Qb6 Rc8 25. Nd5 Bxd5 26. cxd5 a5 27.
Qxa5 Rc2 28. Qa8+ Kg7 29. Qa3 Rhc8 30. Qxe7 Rxb2 31. a4 Rc1 32. Kg1 Ra2 33. d6
Rd1 34. h3 Rad2 35. Qd8 Ne4 36. Qe7 Nf6 37. a5 h6 38. a6 Rxd6 39. Qb7 Rd7 40.
Qc8 Ra7 41. Kf2 Ne4+ 42. Ke2 Ra1 43. Qc4 Ng3+ 44. Kf3 Rxf1+ 45. Kxg3 Rd1 46. Kf2
Rd6 47. Qc5 Rdxa6 48. Qe5+ f6 49. Qd4 Ra2+ 50. Kf3 R7a3+ 51. Kg4 Rxg2+ 52. Kh4
g5+ 53. Kh5 Rxh3# 0-1

[Event "Challenge"]
[Site "http://www.queenalice.com/game.php?id=657104"]
[Date "2009.9.24"]
[Round "-"]
[White "carina"]
[Black "paulofreitas"]
[Result "1-0"]
[WhiteElo "1633"]
[BlackElo "1541"]

1. e4 e5 2. Nf3 d6 3. d4 Nc6 4. Bc4 Nf6 5. Ng5 d5 6. exd5 Nxd4 7. d6 Ne6 8. Nxe6
Bxe6 9. Bxe6 fxe6 10. dxc7 Qxc7 11. O-O Bc5 12. Be3 O-O 13. Nc3 Rfd8 14. Qe1
Bxe3 15. Qxe3 Ng4 16. Qe4 Nf6 17. Nb5 Qb6 18. Qc4 Rdc8 19. Qd3 e4 20. Qb3 Rc5
21. c4 Rac8 22. Nd4 Rd8 23. Qxb6 axb6 24. Nxe6 Rd2 25. Nxc5 bxc5 26. Rab1 Rc2
27. Rfc1 Re2 28. Re1 Rd2 29. Red1 Re2 30. Rd8+ Kf7 31. Rb8 Ke7 32. Rxb7+ Nd7 33.
Rd1 Ke6 34. Kf1 Rc2 35. Rdxd7 Rxc4 36. Re7+ Kd5 37. Rbd7+ Kc6 38. Rc7+ Kd5 39.
Rcd7+ Kc6 40. Rc7+ Kd6 41. Rcd7+ Kc6 42. Rxg7 Rc2 43. b4 cxb4 44. Rc7+ Kb5 45.
Rxc2 h6 46. Rb7+ Ka5 47. g4 Ka4 48. Ra7+ Kb5 49. a4+ Kb6 50. Rcc7 b3 51. Rcb7+
Kc5 52. Rxb3 Kc4 53. Rab7 Kd4 54. a5 1-0

[Event "YuGi"]
[Site "http://www.queenalice.com/game.php?id=660529"]
[Date "2009.9.30"]
[Round "4"]
[White "carina"]
[Black "Gorgona"]
[Result "0-1"]
[WhiteElo "1647"]
[BlackElo "1831"]

1. e4 e5 2. f4 exf4 3. Nf3 g5 4. h4 g4 5. Ne5 Nf6 6. d4 d6 7. Nd3 Nxe4 8. Bxf4
Qe7 9. Qe2 Bf5 10. Nd2 Nc6 11. Nxe4 Qxe4 12. Qxe4+ Bxe4 13. c3 O-O-O 14. Nf2 Bf5
15. Bc4 d5 16. Bd3 Bxd3 17. Nxd3 Re8+ 18. Kf1 h5 19. Ne5 Nxe5 20. Bxe5 Rh7 21.
Re1 f5 22. Bf6 Rxe1+ 23. Kxe1 Be7 24. Be5 c6 25. Kd2 Kd7 26. Rf1 Rf7 27. Bg3 f4
28. Bxf4 Bxh4 29. Kc2 Bg3 30. Be5 Rxf1 31. Bxg3 Rg1 32. Bh4 Rxg2+ 33. Kc1 Ke6
34. a3 Kf5 35. a4 g3 36. b4 Kg4 37. Bf6 h4 38. Kd1 h3 39. Ke1 h2 40. Kf1 h1=Q#
0-1

[Event "5 x 3 "]
[Site "http://www.queenalice.com/game.php?id=667307"]
[Date "2009.10.14"]
[Round "-"]
[White "carina"]
[Black "claudiocaire"]
[Result "1-0"]
[WhiteElo "1611"]
[BlackElo "1602"]

1. d4 Nf6 2. c4 Nc6 3. Nc3 Nb4 4. e4 d6 5. Bf4 h6 6. Nf3 g5 7. Be3 c6 8. a3 Na6
9. Bd3 Ng4 10. Bd2 Bg7 11. h3 Nf6 12. O-O g4 13. hxg4 Qc7 14. g5 Ng4 15. gxh6
Bxh6 16. Bxh6 Rxh6 17. Qe2 d5 18. cxd5 Nh2 19. Rfb1 Nxf3+ 20. Qxf3 cxd5 21. Nxd5
Qh2+ 22. Kf1 e6 23. Bxa6 exd5 24. Bb5+ Bd7 25. Bxd7+ Kxd7 26. Qxf7+ Kc6 27.
Qxd5+ Kb6 28. Qc5+ Ka6 29. b4 b5 30. a4 Kb7 31. Qxb5+ Kc7 32. Rc1+ Kd8 33. Qd5+
Ke7 34. Qxa8 Re6 35. Qxa7+ Kf6 36. e5+ Kf5 37. Qf7+ Ke4 38. Qf3+ Kxd4 39. Qe3+
Kd5 40. Rc5# 1-0

[Event "São Paulo Time"]
[Site "http://www.queenalice.com/game.php?id=667598"]
[Date "2009.10.15"]
[Round "3"]
[White "carina"]
[Black "polly"]
[Result "1-0"]
[WhiteElo "1646"]
[BlackElo "1693"]

1. d4 d5 2. Nf3 Nc6 3. e3 Nf6 4. Bb5 Bd7 5. O-O e6 6. Bd2 Bd6 7. Bd3 h6 8. Na3
O-O 9. Nb5 a6 10. Nxd6 cxd6 11. c4 dxc4 12. Bxc4 e5 13. Qc2 Ne7 14. dxe5 dxe5
15. Nxe5 Be6 16. Bc3 Bxc4 17. Nxc4 Ng6 18. Ne5 Nxe5 19. Bxe5 Qe7 20. Bc3 Rac8
21. Qd3 Ra8 22. Rac1 Rac8 23. f3 b5 24. Kh1 Rfd8 25. Bd4 Rb8 26. e4 Kh8 27. Rc6
a5 28. Rfc1 b4 29. Rc7 Rxd4 30. Qxd4 Rd8 31. Rxe7 Rxd4 32. Rc8+ Ng8 33. h3 f5
34. exf5 Rf4 35. Rf8 Kh7 36. Ra7 h5 37. Rff7 1-0

[Event "Challenge"]
[Site "http://www.queenalice.com/game.php?id=667824"]
[Date "2009.10.15"]
[Round "-"]
[White "mitchelli"]
[Black "carina"]
[Result "0-1"]
[WhiteElo "1331"]
[BlackElo "1666"]

1. e4 c6 2. Nf3 d5 3. e5 Bf5 4. Bd3 Bxd3 5. cxd3 e6 6. Nc3 Bc5 7. d4 Bb4 8. Ne2
Nd7 9. a3 Qa5 10. Qb3 Be7 11. Qxb7 Nb6 12. Qxc6+ Kf8 13. O-O Rc8 14. Qb7 Rc2 15.
b4 Qa4 16. Qb8+ Rc8 17. Qb7 Bxb4 18. Rb1 Be7 19. Nc3 Qc4 20. Qxa7 Na8 21. Rb8
Qc6 22. Nb5 Rxb8 23. Qxb8+ Qe8 24. Qb7 Nh6 25. d3 Ng4 26. Nc7 Nxc7 27. Qxc7 Qa8
0-1

[Event "Parabéns"]
[Site "http://www.queenalice.com/game.php?id=674936"]
[Date "2009.10.30"]
[Round "-"]
[White "carina"]
[Black "kavalheiro"]
[Result "1-0"]
[WhiteElo "1638"]
[BlackElo "1424"]

1. e4 Nc6 2. c3 e5 3. d4 exd4 4. cxd4 Qe7 5. Bd3 Nxd4 6. Na3 Qb4+ 7. Qd2 Qa4 8.
Nf3 c5 9. O-O c4 10. Bc2 Qc6 11. Nxd4 Qg6 12. Nxc4 d5 13. exd5 Bh3 14. Bxg6 hxg6
15. gxh3 Rxh3 16. Nb5 a6 17. Nc7+ Kd8 18. Nxa8 Kc8 19. Nab6+ Kc7 20. Qf4+ Kd8
21. Qxf7 Bc5 22. Bg5+ Ne7 23. Bxe7+ Kc7 24. Bxc5+ Kb8 25. Bd6+ Ka7 26. Nc8+ Ka8
27. N4b6# 1-0

[Event "5 x 4 "]
[Site "http://www.queenalice.com/game.php?id=675587"]
[Date "2009.10.31"]
[Round "-"]
[White "carina"]
[Black "claudiocaire"]
[Result "1-0"]
[WhiteElo "1695"]
[BlackElo "1539"]

1. c4 e5 2. g3 Nf6 3. Bg2 Nc6 4. d3 Bc5 5. Be3 Bb4+ 6. Nc3 Ng4 7. Bd2 Nd4 8. e3
Nf5 9. Qxg4 Ne7 10. Qxg7 Ng6 11. Nd5 Bf8 12. Qf6 c6 13. Qxd8+ Kxd8 14. Nf6 d6
15. Ba5+ b6 16. Bxc6 Bb7 17. Bxb7 Rb8 18. Bxb6+ axb6 19. Bc6 Rc8 20. Bd7 Rc7 21.
Bg4 Bg7 22. Nd5 Rb7 23. Ne2 Ne7 24. O-O b5 25. Nxe7 Kxe7 26. cxb5 Rxb5 27. Rfb1
e4 28. d4 Rhb8 29. Nc3 Rg5 30. h3 f5 31. Be2 h5 32. h4 Rg6 33. Nd5+ Kd7 34. Bxh5
Rh6 35. g4 fxg4 36. Bxg4+ Kd8 37. h5 Rb7 38. f4 Ke8 39. Bc8 Rf7 40. Bg4 Bf6 41.
Nxf6+ Rhxf6 42. Kh2 Rc7 43. Rc1 Rb7 44. Rc8+ Kf7 45. Rb1 Rh6 46. Kh1 Kf6 47.
Rf8+ Kg7 48. Rc8 Kf6 49. Rf8+ Kg7 50. Rc8 Kh7 51. Bf5+ Kg7 52. Bxe4 Kf6 53. Bxb7
Rxh5+ 54. Kg2 Rh7 55. Rf8+ Kg6 56. Be4+ Kg7 57. Rf7+ Kxf7 58. Bxh7 Kg7 59. Bf5
Kf6 60. e4 d5 61. Re1 dxe4 62. Bh7 e3 63. Be4 e2 64. d5 Ke7 65. f5 Ke8 66. Bd3
Kf7 67. d6 Ke8 68. Bb5+ Kf7 69. Bd3 Kf6 70. Rxe2 Kf7 71. d7 Kf6 72. d8=Q+ Kg7
73. f6+ Kf7 74. Qe7+ Kg8 75. Qg7# 1-0

[Event "Challenge"]
[Site "http://www.queenalice.com/game.php?id=683011"]
[Date "2009.11.14"]
[Round "-"]
[White "thedead"]
[Black "carina"]
[Result "0-1"]
[WhiteElo "1588"]
[BlackElo "1660"]

1. e4 Nf6 2. d3 d5 3. Nd2 e5 4. Ngf3 Nc6 5. Be2 Bc5 6. O-O Be6 7. c3 O-O 8. Qc2
Ng4 9. h3 Nf6 10. Re1 Kh8 11. Nf1 h6 12. g4 Rb8 13. Ng3 Qc8 14. Nh2 Qd8 15. Kg2
dxe4 16. dxe4 a6 17. Bd2 Ne7 18. Rad1 Qe8 19. Nf5 Nxf5 20. exf5 Bd5+ 21. Bf3 e4
22. Kh1 Bxf2 0-1

[Event "Challenge"]
[Site "http://www.queenalice.com/game.php?id=687586"]
[Date "2009.11.23"]
[Round "-"]
[White "nadigo"]
[Black "carina"]
[Result "1-0"]
[WhiteElo "1674"]
[BlackElo "1673"]

1. e4 c6 2. d4 d5 3. exd5 cxd5 4. c4 Nf6 5. cxd5 Qa5+ 6. Nc3 Nxd5 7. Bb5+ Bd7 8.
Qh5 e6 9. Bxd7+ Nxd7 10. Bf4 Qb4 11. Bd2 Qxb2 12. Rb1 Qc2 13. Rc1 g6 14. Qh3 Qb2
15. Rb1 Qc2 16. Rc1 Qb2 17. Rb1 Qc2 18. Rc1 Qb2 19. Nf3 Bb4 20. Rb1 Qa3 21. Nxd5
Bd6 22. O-O b6 23. Bb4 Qxa2 24. Nc3 Qa6 25. Bxd6 Qd3 26. Qh6 O-O-O 27. Nb5 a5
28. Rfc1+ Kb7 29. Rc7+ Kb8 30. Rc3+ Ka8 31. Rxd3 Rc8 32. Qg7 Rcd8 33. Qxf7 e5
34. Qd5# 1-0

[Event "Challenge"]
[Site "http://www.queenalice.com/game.php?id=687587"]
[Date "2009.11.23"]
[Round "-"]
[White "carina"]
[Black "nadigo"]
[Result "0-1"]
[WhiteElo "1655"]
[BlackElo "1710"]

1. Nf3 c6 2. d4 d6 3. e4 Bg4 4. h3 Qa5+ 5. Bd2 Qh5 6. Bc4 b5 7. Bb3 Nf6 8. O-O
Bxf3 9. Qxf3 Qxf3 10. gxf3 Nbd7 11. Nc3 e5 12. d5 Nc5 13. dxc6 b4 14. Nd5 Nxd5
15. Bxd5 b3 16. cxb3 Be7 17. f4 exf4 18. Bxf4 g5 19. Be3 Bf6 20. b4 Ne6 21. c7
Rc8 22. Bxa7 O-O 23. Bxe6 fxe6 24. Rab1 Rxc7 25. Bb6 Rc4 26. f3 Rxb4 27. Bc7 Be5
28. b3 Rb7 29. Ba5 Ra7 30. b4 Bd4+ 31. Kh1 Rb8 32. Rfd1 e5 33. f4 gxf4 34. Rg1+
Bxg1 35. Kxg1 Rxa5 36. Rd1 Rxa2 37. Rxd6 Rxb4 38. Rd1 Rxe4 39. Rd8+ Kf7 40. Rd7+
Ke6 41. Rxh7 Re1# 0-1

[Event "muito bem...."]
[Site "http://www.queenalice.com/game.php?id=688594"]
[Date "2009.11.25"]
[Round "-"]
[White "carina"]
[Black "kavalheiro"]
[Result "1-0"]
[WhiteElo "1641"]
[BlackElo "1430"]

1. Nc3 Nc6 2. e3 Nb4 3. d4 Nf6 4. e4 e6 5. a3 Nc6 6. d5 exd5 7. exd5 Ne5 8. Be3
Qe7 9. f3 Nc4 10. Bxc4 b6 11. Bb5 Nh5 12. Ne4 Qb4+ 13. axb4 Bxb4+ 14. c3 Be7 15.
d6 c6 16. Ba6 Bh4+ 17. g3 Bd8 18. Bxc8 Rxc8 19. Bg5 f6 20. g4 fxg5 21. gxh5 O-O
22. Qb3+ Kh8 23. Rxa7 c5 24. Qd5 g6 25. h6 Rf5 26. Qb7 Rc6 27. Ra8 Rf8 28. Qxd7
Rxd6 29. Qxd6 Rg8 30. Rxd8 g4 31. Qf6# 1-0

[Event "Let's Play Chess!"]
[Site "http://www.queenalice.com/game.php?id=692999"]
[Date "2009.12.5"]
[Round "-"]
[White "carina"]
[Black "Conde7"]
[Result "0-1"]
[WhiteElo "1657"]
[BlackElo "2728"]

1. d4 Nf6 2. c4 e6 3. Nf3 b6 4. Nc3 Bb7 5. a3 d5 6. Qc2 Be7 7. cxd5 exd5 8. Bf4
O-O 9. e3 c5 10. Be2 Nbd7 11. O-O Ne4 12. h3 h6 13. Rfc1 Rc8 14. Nxe4 dxe4 15.
Ne5 cxd4 16. Qd2 Nxe5 17. Rxc8 Qxc8 18. Bxe5 d3 19. Bg4 Qc5 20. Bd4 Qg5 21. f4
exf3 22. Qxd3 f5 23. Qb3+ Kh7 24. Qc2 Be4 25. Bxf5+ Rxf5 26. Qf2 fxg2 27. Qe2
Qg3 28. Be5 Qxh3 29. Rc1 Qh1# 0-1

[Event "Challenge"]
[Site "http://www.queenalice.com/game.php?id=719395"]
[Date "2010.1.24"]
[Round "-"]
[White "paulofreitas"]
[Black "carina"]
[Result "1-0"]
[WhiteElo "1759"]
[BlackElo "1709"]

1. d4 d5 2. Nc3 Bg4 3. h3 Bf5 4. Nf3 e6 5. g4 Bg6 6. e4 Bxe4 7. Bg5 f6 8. Nxe4
dxe4 9. Bb5+ c6 10. Bc4 fxg5 11. Ne5 Bb4+ 12. c3 b5 13. Bxe6 Bd6 14. Nf7 Qf6 15.
Nxd6+ Kf8 16. Qb3 Ke7 17. Nf5+ Kf8 18. Qa3+ Ne7 19. Bc8 a5 20. Qc5 g6 21. Nxe7
Qxe7 22. Bb7 Qxc5 23. dxc5 Ra7 24. Bc8 Kf7 25. O-O Rxc8 26. Rae1 Re7 27. f3 e3
28. f4 gxf4 29. Rxf4+ Kg8 30. h4 Rf8 31. Rd4 Nd7 32. b4 e2 33. Rxd7 Rxd7 34.
Rxe2 Rf4 35. bxa5 Rxg4+ 36. Kf2 Rf7+ 37. Ke1 Rxh4 38. Re6 Rh1+ 39. Ke2 Rh2+ 40.
Kd3 Rxa2 41. Rxc6 Rf3+ 42. Kd4 Rd2+ 43. Ke4 Rxc3 44. a6 Rc4+ 45. Ke3 Ra2 46. Kd3
g5 47. Rc8+ Kg7 48. Rc7+ Kh8 49. a7 Ra3+ 50. Kd2 Ra2+ 51. Kd3 Ra3+ 52. Kd2 g4
53. Rc8+ Kg7 54. a8=Q Rd4+ 55. Kc2 Rxa8 56. Rxa8 1-0

[Event "Challenge"]
[Site "http://www.queenalice.com/game.php?id=719396"]
[Date "2010.1.24"]
[Round "-"]
[White "carina"]
[Black "paulofreitas"]
[Result "0-1"]
[WhiteElo "1708"]
[BlackElo "1714"]

1. f4 d5 2. Nf3 Nc6 3. e3 Nf6 4. d4 Bg4 5. h3 Bd7 6. Nc3 Nh5 7. Nxd5 Ng3 8. Rg1
e6 9. Nc3 Nxf1 10. Rxf1 Bb4 11. a3 Bxc3+ 12. bxc3 Ne7 13. Ne5 Nf5 14. g4 Qh4+
15. Rf2 Nd6 16. Nxd7 Ne4 17. Qe2 Kxd7 18. Bb2 Nxf2 19. Qxf2 Qxh3 20. Qg1 Qh4+
21. Kd2 g5 22. c4 h6 23. d5 Rhg8 24. Bf6 exd5 25. cxd5 Rg6 26. fxg5 hxg5 27. Rf1
Qh6 28. Be5 f6 29. Bg3 Re8 30. c4 Qf8 31. Rb1 Kc8 32. a4 Qa3 33. Ra1 Qb4+ 34.
Kd3 Qb3+ 35. Kd4 Qc2 36. Kc5 b6+ 37. Kb5 Qb3+ 38. Ka6 Kb8 39. Qf1 Rxe3 40. Bf2
Rd3 41. Qc1 Rc3 42. Qf1 Rxc4 43. a5 bxa5 44. Rb1 f5+ 45. d6 Rxd6+ 46. Bb6 Rxb6+
47. Kxa5 Qa4# 0-1

[Event "Parabéns!!!!!!!!"]
[Site "http://www.queenalice.com/game.php?id=719609"]
[Date "2010.1.24"]
[Round "-"]
[White "carina"]
[Black "kavalheiro"]
[Result "0-1"]
[WhiteElo "1689"]
[BlackElo "1517"]

1. e4 e5 2. d4 exd4 3. Qxd4 Qh4 4. Nf3 Qd8 5. Nc3 d6 6. Bg5 Ne7 7. Bb5+ Nbc6 8.
Bxc6+ bxc6 9. Nh4 c5 10. Qa4+ c6 11. b4 Bd7 12. Qb3 f6 13. Be3 Rb8 14. a3 cxb4
15. axb4 Rb7 16. h3 d5 17. exd5 cxd5 18. Na4 Qb8 19. Nc5 Rxb4 20. Qa2 Rb2 21.
Qa3 Qb5 22. Nxd7 Kxd7 23. Qd3 Qb4+ 24. Qd2 Qxh4 25. Rxa7+ Ke8 26. Ra8+ Kf7 27.
Qc1 Qb4+ 28. Bd2 Qe4+ 29. Be3 Qb4+ 30. Kf1 Rb1 31. Ra1 Qb5+ 32. Kg1 Rxc1+ 33.
Rxc1 Nf5 34. Bf4 g5 35. Bd2 Nd4 36. Rd1 Bd6 37. Ra1 Ne2+ 38. Kf1 Ng3+ 39. Kg1
Ne2+ 40. Kf1 Re8 41. g3 Nd4+ 42. Kg2 Qe2 43. Ra7+ Re7 44. Ra6 Qf3+ 45. Kg1 Ne2+
46. Kh2 Qxf2# 0-1

[Event "Challenge"]
[Site "http://www.queenalice.com/game.php?id=737453"]
[Date "2010.2.25"]
[Round "-"]
[White "jadetiger7"]
[Black "carina"]
[Result "0-1"]
[WhiteElo "1690"]
[BlackElo "1678"]

1. e4 e5 2. Nf3 Nf6 3. Nc3 Bb4 4. a3 Ba5 5. Bc4 d6 6. O-O O-O 7. b4 Bb6 8. h3
Nc6 9. Ng5 Bd7 10. Nxf7 Rxf7 11. Bxf7+ Kxf7 12. Nd5 Nxe4 13. Qf3+ Nf6 14. d3 Nd4
15. Qe3 Nxd5 16. Qe4 c6 0-1

[Event "Challenge"]
[Site "http://www.queenalice.com/game.php?id=737454"]
[Date "2010.2.25"]
[Round "-"]
[White "carina"]
[Black "jadetiger7"]
[Result "1-0"]
[WhiteElo "1692"]
[BlackElo "1711"]

1. c4 c5 2. g3 e5 3. Bh3 Nf6 4. Nc3 Nc6 5. Nf3 d5 6. cxd5 Nxd5 7. Ng5 Bxh3 8.
Nxh3 h6 9. Nxd5 Qxd5 10. O-O Qe6 11. Kg2 Bd6 12. d3 O-O 13. Bd2 e4 14. dxe4
Qxe4+ 15. f3 Qf5 16. Bxh6 Rad8 17. e4 Qf6 18. Bg5 Qxb2+ 19. Rf2 Qe5 20. Bxd8
Rxd8 21. Nf4 Nd4 22. Rc1 Qg5 23. h4 Qe5 24. Rc4 g5 25. hxg5 Qxg5 26. Qc1 Ne6 27.
Ne2 Nf4+ 28. Nxf4 b5 29. Rcc2 Kg7 30. Ne6+ 1-0

[Event "Challenge"]
[Site "http://www.queenalice.com/game.php?id=749654"]
[Date "2010.3.21"]
[Round "-"]
[White "jadetiger7"]
[Black "carina"]
[Result "1-0"]
[WhiteElo "1698"]
[BlackElo "1705"]

1. e4 Nc6 2. d4 e5 3. d5 Nce7 4. Nf3 d6 5. c4 g6 6. Nc3 c6 7. Be3 cxd5 8. cxd5
Nf6 9. Qa4+ Bd7 10. Bb5 a6 11. Bxd7+ Nxd7 12. O-O f5 13. Ng5 b5 14. Qc2 Nf6 15.
b4 Bg7 16. Ne6 Qd7 17. Nxg7+ Kf7 18. Ne6 fxe4 19. Ng5+ Kg8 20. f3 exf3 21. Rxf3
Nexd5 22. Nxd5 Nxd5 23. Qb3 Qc6 24. Rd1 Qc4 25. Qxc4 bxc4 26. Rxd5 h6 27. Nf7
Rh7 28. Nxd6 Rd7 29. Bc5 a5 30. Rxe5 axb4 31. Bxb4 Rc7 32. Re6 Rxa2 33. Re8+ Kh7
34. Rff8 Ra1+ 35. Kf2 c3 36. Bxc3 Ra2+ 37. Ke1 Ra1+ 38. Kd2 Ra2+ 39. Kd3 Rxc3+
40. Kxc3 g5 41. g4 Ra7 42. Rh8+ Kg6 43. Kd4 Ra4+ 44. Nc4 h5 45. h3 hxg4 46. hxg4
Kf6 47. Kd5 Ra1 48. Rhf8+ Kg7 49. Ke6 Ra7 50. Nd6 Kg6 51. Rh8 Rh7 52. Rxh7 Kxh7
53. Kf7 Kh6 54. Rh8# 1-0